Most Popular Airlines - Statistics

General Stats
  • This quiz has been taken 16 times
  • The average score is 12 of 16
Answer Stats
Picture Answer % Correct
American Airlines
100%
Air Canada
93%
British Airways
86%
Emirates
86%
Lufthansa
86%
United Airlines
86%
Alaska Airlines
79%
Delta Airlines
79%
Southwest Airlines
79%
Quantas Airways
71%
Turkish Airlines
71%
Air France
64%
Hawaiian Airlines
57%
Frontier Airlines
50%
Jet blue
50%
Signapore Airlines
14%
No matching quizzes found
Score Distribution
Percent of People with Each Score
Percentile by Number Answered
Your Score History
You have not taken this quiz